1516 1724 1613 1921 1638 1267 1018 1437 1865 1018 1725 1310 1596 1675 1904 1574 1304 1553 1625 1568 1902 1058 1592 1263 1522 1921 1850 1397 1711 1815 1540 1034 1687 1762 1059 1575 1163 1882 1127 1212 1426 1897 1363 1721 1365 1689 1925 1751 1310 1923 1842 1330 1130 1762 1356 1909 1107 1056 1097 1545 1312 1369 1957 1848 1633 1636 1268 1480 1177 1657 1216 1315 1369 1795 1149 1931 1573 1698 1420 1795 1315 1527 1396 1982 1248 1107 1203 1788 1794 1039 1921 1404 1270 1022 1647 1742 1247 1545 1275 BCNSPRNW ULIB Ver.6.0+V

เปลี่ยนเป็นภาษาไทย

Change to English
 แสดงรายละเอียดบรรณานุกรม
  กลับหน้าหลัก

Brief Record : Get Marc (ISO 2709) : E-mail record : QR code < ปิดหน้าต่าง
LEADER : 00000nam 2200000uu 4500
001    13399112908
003     ULIB
008    110916s2552||||th 000 0 tha d
020    9789742556891
090    นว.^bพ541ก 2552
100 0  พัดชา
245 00 กับดักหัวใจ/^cพัดชา
250    พิมพ์ครั้งที่ 1
260    กรุงเทพฯ :^bศิลปาบรรณาคาร,^c2552
300    624 หน้า
945    ^p320^l0^i17079
995    กัณชพร
999     ^aใช้งานได้ทุกระบบ
รายการนี้ยังไม่มีแท็ก
คุณยังไม่ได้ล็อกอิน คุณสามารถมีกิจกรรมร่วมกับเว็บไซต์ได้ แต่ต้องล็อกอินก่อน ::
  ล็อกอิน

รายการสื่อสารสนเทศ

ลำดับที่ ประเภท เลขเรียก/บาร์โค้ด สถานที่ สถานะ
1. วิทยาศาสตร์การแพทย์ และสุขภาพ
วิทยาศาสตร์การแพทย์ และสุขภาพ
นว. พ541ก 2552  
  Barcode: 17079
ห้องสมุดวิทยาเขตสวรรค์ประชารักษ์
►นวนิยาย
บนชั้น
  ขอยืม

รายการใกล้เคียง
    ผู้แต่ง [พัดชา]

BibComment


ยังไม่เคยถูกคอมเมนท์

คอมเมนท์ทรัพยากรรายการนี้
  คอมเมนท์: กับดักหัวใจ พัดชา


 Copyright 2026. Bcnsprnw @Library